A crn̥ica da justiȧ

Detalles Bibliográficos
Autor principal: Sette Lopes, Mn̥ica
Formato: eBook
Lenguaje:portugués
Publicado: Belo Horizonte: Initia Via Editora, 2018
Materias:
Acceso en línea:Acceso restringido

MARC

LEADER 00000nam a22000007a 4500
005 20210420230032.0
007 cr|||| ||||
008 210420s2018 br |||||s|||| 00||0 por d
020 |a 978-85-9547-019-4 
035 |a 32999 
040 |a vLex 
090 |c 11487  |d 11487 
100 1 |a Sette Lopes, Mn̥ica 
245 1 1 |a A crn̥ica da justiȧ  |h [Recurso electrn̤ico] /  |c Mn̥ica Sette Lopes 
256 |a Servicio en ln̕ea 
260 |a Belo Horizonte:  |b Initia Via Editora,  |c 2018 
300 |a 1 recurso electrn̤ico 
506 1 |a Disponible solo en los productos indicados  |d vLex Global  |d vLex Global (Academic Edition, excluding Law Schools)  |d vLex Global (U.S. Academic Edition, Law Schools)  |d vLex Global (U.S. Academic Edition, excluding Law Schools)  |d vLex Global (Academic Edition, Law Schools) 
650 0 4 |a Ciencias sociales  |z Brasil 
740 0 |a vLex Libros (Servicio en ln̕ea) 
856 4 0 |u https://vlex.com/source/a-cr-nica-da-justi-a-32999  |z Acceso restringido 
942 |c BOOK 
999 0 |a Social Sciences